Gendai teikoku shugi taisei to Nihon shihon shugi.
Saved in:
| Format: | Book |
|---|---|
| Language: | Japanese |
| Published: |
Tōkyō-to :
Ōtsuki Shoten,
1981.
|
| Series: | Kōza konnichi no Nihon shihon shugi ;
dai 1-kan. |
| Subjects: | |
| Tags: |
Add Tag
No Tags, Be the first to tag this record!
|
| LEADER | 01206nam a2200325 a 4500 | ||
|---|---|---|---|
| 001 | 007765617-2 | ||
| 005 | 20024617115958.0 | ||
| 008 | 900402s1981 ja a b 000 0 jpn | ||
| 010 | |a 82803304 /AJ | ||
| 015 | |a Ja81-48608 | ||
| 035 | 0 | |a ocm21311185 | |
| 040 | |a DLC |c NcD |d OCoLC |d *YNH* |d CStRLIN | ||
| 050 | 0 | |a HF1411 |b .G393 1981 | |
| 245 | 0 | 0 | |6 880-01 |a Gendai teikoku shugi taisei to Nihon shihon shugi. |
| 260 | |6 880-02 |a Tōkyō-to : |b Ōtsuki Shoten, |c 1981. | ||
| 300 | |a xi, 354 p. : |b ill. ; |c 21 cm. | ||
| 490 | 1 | |6 880-03 |a Kōza konnichi no Nihon shihon shugi ; |v dai 1-kan | |
| 504 | |a Includes bibliographical references. | ||
| 650 | 0 | |a International economic relations. | |
| 650 | 0 | |a Economic history |y 1945- | |
| 651 | 0 | |a Japan |x Economic policy |y 1945- | |
| 650 | 0 | |a Capitalism |x History. | |
| 650 | 0 | |a Imperialism |x History. | |
| 880 | 0 | 0 | |6 245-01 |a 現代帝国主義体制と日本資本主義. |
| 880 | |6 260-02 |a 東京都 : |b 大月書店, |c 1981. | ||
| 880 | 1 | |6 490-03 |a 講座今日の日本資本主義 ; |v 第1卷 | |
| 830 | 0 | |6 880-53 |a Kōza konnichi no Nihon shihon shugi ; |v dai 1-kan. | |
| 880 | 0 | |6 830-53 |a 講座今日の日本資本主義 ; |v 第1卷. | |
| 988 | |a 20021214 | ||
| 906 | |0 DLC | ||


